| 000 | 00361cam a22001217a 4500 | ||
|---|---|---|---|
| 008 | 180718b1985 xxu||||| |||| 00| 0 eng d | ||
| 082 | _aB136x5413 M727 | ||
| 100 | _aMohsin, Nadeem | ||
| 245 |
_aRural development through government programmes _cby Nadeem Mohsin |
||
| 260 |
_aDelhi _bMittal _c1985 |
||
| 300 | _a102p. | ||
| 650 | _aRural development - India - Bihar | ||
| 999 |
_c349293 _d349293 |
||